| 000 | 01195nam a2200301 i 4500 | ||
|---|---|---|---|
| 003 | EG-GICUC | ||
| 005 | 20260121101532.0 | ||
| 008 | 251223s1991 ua ||||fr|||| 000 0 ara d | ||
| 040 |
_a EG-GICUC _bara _c EG-GICUC _d EG-GICUC _erda |
||
| 041 | 0 | _aara | |
| 082 | 0 | 4 |
_221 _a345.4 _bع ز . ق |
| 092 | 0 | 4 | _221 |
| 099 | _aLaw1 07 345.4 ع ز . ق 1991 | ||
| 100 | 0 |
_aعزيزة الشريف _eمؤلف. |
|
| 245 | 1 | 2 |
_aالقانون الإداري : _bالوظيفة العامة - الأموال العامة العقود الإدارية / _cالدكتورة عزيزة الشريف. |
| 264 | 1 |
_aالقاهرة : _bدار النهضة العربية, _c1991. |
|
| 300 |
_a400 ؛صفحة _c24 سم. |
||
| 336 |
_2rda content _atext |
||
| 337 |
_2rda media _aComputer |
||
| 338 |
_2rda carrier _aOnline Resource |
||
| 504 | _aيشتمل على إرجاعات ببليوجرافية. | ||
| 546 | _aالنص أغلبه باللغة العربية مع بعض النصوص الفرنسية | ||
| 650 | 1 | 4 | _aالوظيفة العامة |
| 650 | 1 | 4 | _aالقانون الإداري |
| 856 | 4 | 0 | _uhttps://fll.law.cu.edu.eg/fulltext/bks/B07-01292pdf |
| 905 | _a32 | ||
| 942 |
_2ddc _cBK _e21 _n0 |
||
| 999 |
_c52186 _d52186 |
||